000 00527nam a2200169 4500
001 108845
003 ES-MaACL
005 20230906184724.0
007 t|
008 061121s1967 sp r ||||1| spa d
100 1 _aMontrivel, Claude.
_982726
245 1 3 _aLa educación de la pureza en los medios populares /
_cClaude Montrivel ; [ traducción Juan Ant. Lazuela].
260 _aMadrid :
_bAtenas,
_c1967.
300 _a153 p. ;
_c18 cm.
700 1 _aLazuela, Juan Antonio.
_970824
852 _aES-MaACL
_jC-33872
_bR.64473
999 _c108845
_d108845